Género y trayectoria migratoria: mujeres migrantes y trabajo doméstico en el Area Metropolitana de Buenos Aires /
Combinando la perspectiva antropológica con elementos de los estudios migratorios y los estudios de género, este trabajo analiza una serie de entrevistas a mujeres migrantes provenientes de Bolivia, Paraguay y Perú, que se desempañan en trabajo doméstico en el Area Metropolitana de Buenos Aires. Baj...
保存先:
| 第一著者: | |
|---|---|
| その他の著者: | |
| フォーマット: | テキスト |
| 主題: | |
| タグ: |
タグ追加
タグなし, このレコードへの初めてのタグを付けませんか!
|
MARC
| LEADER | 00000 a a2200000 04500 | ||
|---|---|---|---|
| 001 | 40820 | ||
| 003 | |||
| 040 | |||
| 100 | |a Courtis, Corina | ||
| 245 | |a Género y trayectoria migratoria: |b mujeres migrantes y trabajo doméstico en el Area Metropolitana de Buenos Aires / |c Corina Courtis ; María Inés Pacecca | ||
| 500 | |a mpacecca@gmail.com | ||
| 520 | |a Combinando la perspectiva antropológica con elementos de los estudios migratorios y los estudios de género, este trabajo analiza una serie de entrevistas a mujeres migrantes provenientes de Bolivia, Paraguay y Perú, que se desempañan en trabajo doméstico en el Area Metropolitana de Buenos Aires. Bajo la hipótesis de que el género interviene como categoría estructural en el proceso migratorio, se observa su incidencia en las etapas de premigración, migración y postmigración. | ||
| 590 | |a RRA/FEBRERO2012 | ||
| 650 | |a 1.MIGRACION INTERNACIONAL | ||
| 650 | |a 2.MUJERES | ||
| 650 | |a 3.TRABAJO DOMESTICO | ||
| 650 | |a 4.CONDICIONES DE TRABAJO | ||
| 650 | |a 5.ARGENTINA | ||
| 700 | |a Pacecca, María Inés | ||
| 773 | |g volumen16, número63 ( , 2010), páginas 155-185 : tablas, gráficos | ||
| 999 | |c 34081 |d 34081 | ||
